地方都市の繁華街 - Statistics

General Stats
  • This quiz has been taken 187 times
  • The average score is 6 of 22
Answer Stats
都市名 Answer % Correct
名古屋
80%
札幌 大通
67%
福岡 天神
66%
神戸 三宮
58%
那覇 国際通り
53%
鹿児島 天文館
44%
金沢 香林坊
38%
広島 紙屋町
34%
高松 瓦町
33%
松山 大街道
26%
仙台 一番町
20%
大阪 キタ
17%
長崎 浜町
16%
富山 総曲輪
14%
盛岡 菜園
12%
山形 七日町
12%
岡山 表町
10%
長野 権堂
10%
函館 十字街
9%
熊本 通町筋
8%
京都 四条通
7%
久留米 文化街
3%
No matching quizzes found
Score Distribution
Percent of People with Each Score
Percentile by Number Answered
Your Score History
You have not taken this quiz